| 000 | 01632nam a2200397 c 4500 | ||
|---|---|---|---|
| 003 | BLK | ||
| 005 | 20250802104813.0 | ||
| 008 | 180408b bul|||||r ||||||| ||bul|| | ||
| 010 | _aKNG00069602000 | ||
| 020 |
_a954-657-559-3 _bиздат.: ПАН |
||
| 040 | _aBLK | ||
| 041 |
_aBUL _cBUL |
||
| 080 |
_aБългарска литература _b821.163.2 _x-93-394 _z821.163.2-93-394 |
||
| 700 |
_aЛалев, Цанко _qДулев, Цанко Лалев _9363801 |
||
| 700 | 1 |
_aДулев, Цанко Лалев _e* _9365797 |
|
| 700 | 1 |
_aДобрева, Магдалена _eил. _9370526 |
|
| 139 |
_aГоляма книга на българските митове и легенди _bГ 63 |
||
| 245 | 1 | 0 |
_aГоляма книга на българските митове и легенди _cподб. и преразк. Цанко Лалев; * Цанко Лалев Дулев; ил. Магдалена Добрева. |
| 257 | _aBGR | ||
| 260 |
_аСофия _bПАН _c2005 _fСофия : Експреспринт |
||
| 300 |
_a288 с. _bс ил. _c24 см |
||
| 380 | _aDX | ||
| 500 | _aПълното име на Ц. Лалев е Цанко Лалев Дулев. - Библиогр. с. 284. - Доп. тир. 2012. | ||
| 651 | 4 |
_aБългария _9241624 |
|
| 653 | _aмитове | ||
| 653 | _aлегенди | ||
| 653 | _aтраки | ||
| 653 | _aбогомили | ||
| 653 | _aсветци | ||
| 852 | _aЦб 230150 | ||
| 856 | 4 |
_qpdf _u |
|
| 856 | 4 |
_qpdf _u |
|
| 942 |
_cKNG _n0 _095 |
||
| 944 |
_aCR _c22.11.2006 _lИва Цветкова _k30543 |
||
| 944 |
_aED _c12.12.2012 _lф / _k |
||
| 999 |
_c65326 _d65326 |
||